| 000 | 01542nam a2200289Ia 4500 | ||
|---|---|---|---|
| 999 |
_c52663 _d52663 |
||
| 001 | 19687 | ||
| 003 | GE_BSU | ||
| 005 | 20200325210848.0 | ||
| 008 | 181216s1987||||ge |||||||||||||| ||geo|| | ||
| 040 | _cGE_BSU | ||
| 041 | _ageo | ||
| 080 | _a94(33) ფ-71 | ||
| 100 |
_aფლავიოსი, იოსებ _97795 |
||
| 245 |
_aმოთხრობანი იუდაებრივისა ძუელსიტყუაობისანი : _bნაკვ. 1 / _cიოსებ ფლავიოსი ; ქართ. თარგმ. ტექსტი გამოსაც. მოამზადა ნინო მელიქიშვილმა ; რედ. მზექალა შანიძე, |
||
| 264 |
_aთბილისი : _bმეცნიერება, _c1987. |
||
| 300 |
_a383 გვ. ; _c26 სმ. |
||
| 504 | _aბიბლიოგრ. : გვ. 380-382 | ||
| 520 | _aრეზიუმე რუსულ ენაზე | ||
| 541 | _h8ლ.60თ. | ||
| 653 | _aებრაელთა ისტორია | ||
| 653 | _aიუდეის ისტორია | ||
| 653 | _aისტორია | ||
| 700 |
_aშანიძე, მზექალა _eრედაქტორი _97796 |
||
| 710 |
_aსაქართველოს სსრ მეცნიერებათა აკადემია _97797 |
||
| 710 |
_aკ.კეკელძის სახელობის ხელნაწერთა ინსტიტუტი _97798 |
||
| 942 |
_cBK _2udc |
||